Score 0/10 Timer 01:00
2 Plays Today
Hint 4-Letter Word % Correct
A clenched handFIST
96.6%
The burnable string within a candleWICK
92.3%
The trap in a dryer catches thisLINT
88.6%
Lean to one side, as a boatLIST
81.6%
What non-Brits call a queueLINE
76.5%
Former MLB catcher CarltonFISK
70.5%
Brand of laundry detergentWISK
70.4%
Calcium-based component of plaster and mortarLIME
61.1%
[First Rung] of [Last Rung]: 1995 Johnny Depp movie or a critical momentTIME
45.6%
[First Rung] of [Last Rung]: 1995 Johnny Depp movie or a critical momentNICK
27.7%

Today's Daily Dose

You're not logged in!

Compare scores with friends on all Sporcle quizzes.
OR
Log In

Sporcle TV

Today on Sporcle TV


Watch our educational content, quiz creation guides, and fun videos on Sporcle TV.

Show Comments

Extras

Top Quizzes Today


Score Distribution

Your Account Isn't Verified!

In order to create a playlist on Sporcle, you need to verify the email address you used during registration. Go to your Sporcle Settings to finish the process.

Report this User

Report this user for behavior that violates our Community Guidelines.

Details: